Central Library OPAC University of Rajshahi

Advances in oceanography / (Record no. 67776)

MARC details
000 -LEADER
fixed length control field 01045nam a2200289 a 4500
001 - CONTROL NUMBER
control field 67776
003 - CONTROL NUMBER IDENTIFIER
rucl marc code BD-RjUL
005 - DATE AND TIME OF LATEST TRANSACTION
control field 20211209081707.0
008 - FIXED-LENGTH DATA ELEMENTS--GENERAL INFORMATION
fixed length control field 170328s1978 nyua b 101 0 eng
020 ## - INTERNATIONAL STANDARD BOOK NUMBER
International Standard Book Number 0306400197
035 ## - SYSTEM CONTROL NUMBER
System control number (BD-RjUL)67985
040 ## - CATALOGING SOURCE
Original cataloging agency DLC
Transcribing agency DLC
Modifying agency DLC
Language of cataloging eng
041 ## - LANGUAGE CODE
Language code of text/sound track or separate title eng
082 00 - DEWEY DECIMAL CLASSIFICATION NUMBER
Classification number 551.46
Edition number 23
Author mark and year ADV 1978
245 00 - TITLE STATEMENT
Title Advances in oceanography /
Statement of responsibility, etc. edited by Henry Charnock and Sir George Deacon.
260 ## - PUBLICATION, DISTRIBUTION, ETC. (IMPRINT)
Place of publication, distribution, etc. New York :
Name of publisher, distributor, etc. Plenum Press,
Date of publication, distribution, etc. c1978.
300 ## - PHYSICAL DESCRIPTION
Pagination viii, 356 p. :
Illustrations ill. ;
Size 26 cm.
500 ## - GENERAL NOTE
General note Papers presented in general symposia at the Joint Oceanographic Assembly held in Edinburgh, Scotland, Sept. 13-24, 1976.
504 ## - BIBLIOGRAPHY, ETC. NOTE
Bibliography, etc Includes bibliographies and index.
650 #0 - SUBJECT ADDED ENTRY--TOPICAL TERM
Topical term or geographic name as entry element Oceanography
General subdivision Congresses.
9 (RLIN) 200926
Topical term or geographic name as entry element Marine biology
General subdivision Congresses.
9 (RLIN) 200927
700 1# - ADDED ENTRY--PERSONAL NAME
Personal name Charnock, Henry.
Personal name Deacon, George Edward Raven,
Dates associated with a name 1906-
711 2# - ADDED ENTRY--MEETING NAME
Meeting name or jurisdiction name as entry element Joint Oceanographic Assembly
Date of meeting (1976 :
Location of meeting Edinburgh, Scotland)
9 (RLIN) 200930
942 ## - ADDED ENTRY ELEMENTS (KOHA)
Source of classification or shelving scheme Dewey Decimal Classification
Koha item type Books
Holdings
Lost status Source of classification or shelving scheme Damaged status Not for loan Collection code Permanent Location Current Location Shelving location Date acquired Source of acquisition Cost, normal purchase price Total Checkouts Full call number Date last seen Copy number Koha item type
  Dewey Decimal Classification   Not For Loan Non-fiction Central Library, University of Rajshahi Central Library, University of Rajshahi Reading Room 15/05/1983 Heffers. 28.35   551.46 ADV 1978 28/03/2017 C-1 Books